000 00309nam a22001457a 4500
008 210310b ||||| |||| 00| 0 eng d
020 _a9781556159008
041 _aeng
080 _a004
082 _a004
100 _a35
101 _aSHKI
245 _aRapid Development
_cMcconnell,S
942 _2udc
_cBK
999 _c56142
_d56142